| 000 | 01288cam a22003617a 4500 | ||
|---|---|---|---|
| 003 | CHAP | ||
| 005 | 20220329142400.0 | ||
| 008 | 001020d1998 mx a r 00110 esp d | ||
| 010 | _a82674 | ||
| 011 | _a83646 | ||
| 020 | _a9688565636 | ||
| 035 | _a94161 | ||
| 040 | _cCHAP | ||
| 082 | 0 | 4 |
_a711.4 _bD4 |
| 100 | 0 | 0 |
_aDelgado, Javier. _931671 |
| 245 | 1 | 0 |
_aCiudad-región y transporte en el México central : _bun largo camino de rupturas y continuidades _c/por Javier Delgado |
| 260 |
_aMéxico, D. F. : _bPlaza y Valdés, _c1998. |
||
| 300 |
_a221 p. : _bilus. ; mapas ; cuadros ; gráfs. |
||
| 490 | 0 | _aColección ciudad y región | |
| 590 |
_aBATCH-UPD _b10 _c20130110 _lUCH01 _h0631 |
||
| 590 |
_aBATCH-UPD _b10 _c20130410 _lUCH01 _h0314 |
||
| 590 |
_aBATCH-UPD _b10 _c20130914 _lUCH01 _h1003 |
||
| 590 |
_aCONVERSION _b10 _c20130109 _lUCH01 _h1346 |
||
| 650 | 1 | 4 |
_aMéxico (Cd.) _xCondiciones económicas. _976801 |
| 650 | 1 | 4 |
_aMéxico (Cd.) _xCondiciones sociales. _976802 |
| 650 | 1 | 4 |
_aTransporte _zMéxico (Cd.). _9114638 |
| 650 | 1 | 4 |
_aUrbanismo _zMéxico (Cd.). _9116850 |
| 830 | 0 | 0 |
_aColección ciudad y región _924753 |
| 901 | _aBK | ||
| 905 | _aLilia Sánchez G. | ||
| 942 | _cLIBRO | ||
| 949 |
_a711.4 D4 _bBC _cLIBRO _d33724000806865 _eLIBRO _gI.206499 _h98998 _i94161 _si _t$100.00 |
||
| 999 |
_c82674 _d82674 |
||